Výroční zpráva /

Nový název: Výroční zpráva (Národní muzeum (Praha, Česko)). Česky & Anglicky [elektronický zdroj]
Korporativní autor: Národní muzeum (Praha, Česko)
Jazyk: Čeština
Angličtina
Vydáno: Praha : Národní muzeum, [199-]-2009
Témata:
Fyzický popis: 10 sv. ; 30 cm
Odebírané ročníky: 2003-
Language note: Od roč. 2004 část. souběžný anglický text a souběžný anglický název
Noviny a časopisy
Uloženo v:
LEADER 03588nas a2200781 a 4500
001 nkc20050785504
003 CZ PrNK
005 20211019151653.0
007 ta
008 000119d199u2009xr ar 0 b0cze
015 |z cnb000785504 
035 |a (OCoLC)85014203 
040 |a ABA001  |b cze  |d OLA001  |d BOA001 
041 1 |a cze  |a eng  |h cze 
043 |a e-xr---  |b e-xr-pg  |2 czenas 
045 |a x9y- 
072 7 |a 069  |x Muzea. Muzeologie. Muzejnictví. Výstavy  |2 Konspekt  |9 12 
080 |a 069(1-4)  |2 MRF 
080 |a 069  |2 MRF 
080 |a (437.311)  |2 MRF 
080 |a (047.1)  |2 MRF 
110 2 |a Národní muzeum (Praha, Česko)  |7 kn20010709075  |4 aut  |4 isb 
240 1 0 |a Výroční zpráva (Národní muzeum (Praha, Česko)).  |l Anglicky & Česky  |7 kon2006374373 
245 1 0 |a Výroční zpráva /  |c Národní muzeum Praha 
246 3 |a Národní muzeum - výroční zpráva 
246 3 |a Výroční zpráva - Národní muzeum 
246 3 |a Annual report - Národní muzeum 
246 3 |a Národní muzeum - annual report 
260 |a Praha :  |b Národní muzeum,  |c [199-]-2009 
300 |a 10 sv. ;  |c 30 cm 
310 |a 1x ročně 
362 1 |a Vydávání ukončeno roč. 2008 
500 |a Název z obálky 
500 |a V roč. 2007, 2008 příloha CD-ROM 
500 |a Jednotlivé sv. mají ISBN 
500 |a Popsáno podle: roč. 1998 
541 |c pv-r 
541 |c pv-cdr-r 
546 |a Od roč. 2004 část. souběžný anglický text a souběžný anglický název 
610 2 7 |a Národní muzeum (Praha, Česko)  |7 kn20010709075  |2 czenas 
648 4 |a 1998- 
650 0 7 |a národní muzea  |7 ph123435  |z Česko  |2 czenas 
650 0 7 |a muzejnictví  |7 ph123051  |z Česko  |y 20.-21. století  |2 czenas 
651 7 |a Praha (Česko)  |7 ge118011  |2 czenas 
655 7 |a výroční zprávy  |7 fd133860  |2 czenas 
785 0 0 |t Výroční zpráva (Národní muzeum (Praha, Česko)). Česky & Anglicky [elektronický zdroj] 
902 |a 80-7036-097-6  |q (1998 ;  |q brož.) 
902 |a 80-7036-118-2  |q (1999 ;  |q brož.) 
902 |a 80-7036-125-5  |q (2000 ;  |q brož.) 
902 |a 80-7036-136-0  |q (2001 ;  |q brož.) 
902 |a 80-7036-155-7  |q (2002 ;  |q brož.) 
902 |a 80-7036-165-4  |q (2003 ;  |q brož.) 
902 |a 80-7036-181-6  |q (2004 ;  |q v knize neuvedeno ;  |q brož.) 
902 |a 80-7036-201-4  |q (2005 ;  |q brož.) 
902 |a 978-80-7036-212-9  |q (2006 ;  |q brož.) 
902 |a 978-80-7036-233-4  |q (2007 ;  |q brož.) 
902 |a 978-80-7036-247-1  |q (2008 ;  |q brož.) 
910 |a BOA001  |b 4-1132.547  |b CDR-1205.948  |r 2003- 
920 |a 000729970 
990 |a SE 
995 |a 11 
996 6 |b 2610235573  |c 4-1132.547  |d 2003  |y 2003  |l MZK  |r Sklad / do 1 hodiny  |n 1  |p p.v.  |w 000729970  |u 000010  |a 1  |e BOA001  |j MZK50  |s P 
996 6 |b 2610256494  |c 4-1132.547  |d 2004  |y 2004  |l MZK  |r Sklad / do 1 hodiny  |n 0  |p p.v.  |w 000729970  |u 000020  |a 1  |e BOA001  |j MZK50  |s P 
996 6 |b 2610299697  |c 4-1132.547  |d 2006  |v 2006  |y 2006  |l MZK  |r Sklad / do 1 hodiny  |n 1  |p p.v.  |w 000729970  |u 000030  |a 1  |e BOA001  |j MZK50  |s P 
996 6 |b 2610386548  |c 4-1132.547  |d 2008  |v 2008  |y 2008  |l MZK  |r Sklad / do 1 hodiny  |n 0  |p p.v.  |w 000729970  |u 000040  |a 1  |e BOA001  |j MZK50  |s P 
996 3 |b 2610392879  |c CDR-1205.948  |d 2008  |v 2008  |y 2008  |l Stud. periodik/2.patro  |r Sklad / do 1 hodiny  |n 0  |p cdr-p.v.  |w 000729970  |u 000050  |a 1  |e BOA001  |j MZK50  |s N 
996 6 |b 2610443104  |c CDR-1205.948  |d 2009  |v 2009  |y 2009  |l Stud. periodik/2.patro  |r Sklad / do 1 hodiny  |n 0  |p cdr-p.v.  |w 000729970  |u 000060  |a 1  |e BOA001  |j MZK50  |s P 
996 6 |b 2610520450  |c CDR-1205.948  |d 2011  |v 2011  |y 2011  |l Stud. periodik/2.patro  |r Sklad / do 1 hodiny  |n 0  |p cdr-p.v.  |w 000729970  |u 000070  |a 1  |e BOA001  |j MZK50  |s P